000 00406nam a2200133Ia 4500
008 220217s9999||||xx |||||||||||||| ||und||
020 _a81-203-1666-5
082 _a005.13 SAP
100 _aASAP world cunsultancy
_93596
245 0 _aAdministering SAP R/3: the production and planning module
260 _aPrentice hall of india
_bNew Delhi
_c2000
300 _b175
650 _aPROGRAMMING LANGUAGE
999 _c172231
_d172231